| 000 | 00830cam a2200241 a 4500 | ||
|---|---|---|---|
| 001 | 1578184 | ||
| 005 | 20180110074432.0 | ||
| 008 | 930317s1994 nyuab b 001 0 eng | ||
| 010 | _a 93012984 | ||
| 020 | _a0810934175 | ||
| 040 |
_aDLC _cDLC _dDLC |
||
| 041 | _aeng | ||
| 043 | _ae-it--- | ||
| 080 | _a709.4509024 HAR | ||
| 082 | 0 | 0 |
_a709.4509024 HAR _220 |
| 100 | 1 | _a44 | |
| 101 | _aART | ||
| 245 | 1 | 0 |
_aHistory of Italian Renaissance art : _cFrederick Hartt. |
| 504 | _aIncludes bibliographical references (p. 669-677) and index. | ||
| 906 |
_a7 _bcbc _corignew _d1 _eocip _f19 _gy-gencatlg |
||
| 942 |
_2ddc _cBK |
||
| 999 |
_c40007 _d40007 |
||